Los retos de la biología molecular en el siglo XXI / (Record no. 102741)

MARC details
000 -LEADER
campo de control de longitud fija 00709nam a2200229 i 4500
001 - NÚMERO DE CONTROL
campo de control 102741
003 - IDENTIFICADOR DE NÚMERO DE CONTROL
campo de control ES-MaACL
005 - FECHA Y HORA DE LA ÚLTIMA TRANSACCIÓN
campo de control 20230906183153.0
007 - CAMPO FIJO DE DESCRIPCIÓN FÍSICA--INFORMACIÓN GENERAL
campo de control de longitud fija t|
008 - DATOS DE LONGITUD FIJA--INFORMACIÓN GENERAL
campo de control de longitud fija 051201s2002 sp ||||1| spa d
020 ## - NÚMERO INTERNACIONAL ESTÁNDAR DEL LIBRO
Número Internacional Estándar del Libro 84-8317-350-6
080 ## - NÚMERO DE LA CLASIFICACIÓN DECIMAL UNIVERSAL
Número de la Clasificación Decimal Universal 577.2
100 1# - ENTRADA PRINCIPAL--NOMBRE DE PERSONA
Nombre de persona Salas, Margarita.
9 (RLIN) 101739
245 14 - MENCIÓN DEL TÍTULO
Título Los retos de la biología molecular en el siglo XXI /
Mención de responsabilidad, etc. Margarita Salas.
260 ## - PUBLICACIÓN, DISTRIBUCIÓN, ETC.
Lugar de publicación, distribución, etc. [Oviedo] :
Nombre del editor, distribuidor, etc. Publicaciones de la Universidad de Oviedo,
Fecha de publicación, distribución, etc. [2002]
300 ## - DESCRIPCIÓN FÍSICA
Extensión 48 p. :
Otras características físicas 1 retr. ;
Dimensiones 16 cm.
490 1# - MENCIÓN DE SERIE
Mención de serie Papeles del Aula Magna
650 #4 - PUNTO DE ACCESO ADICIONAL DE MATERIA--TÉRMINO DE MATERIA
Término de materia o nombre geográfico como elemento de entrada Biología molecular.
9 (RLIN) 10589
830 0# - PUNTO DE ACCESO ADICIONAL DE SERIE-TÍTULO UNIFORME
Título uniforme Papeles del Aula Magna
9 (RLIN) 184799
852 ## - LOCALIZACIÓN
Ubicación ES-MaACL
Número de control de estantería 2188-F-17
Sublocalización o colección R.136787
Holdings
Estatus retirado Estado de pérdida Estado de daño No para préstamo Colección Biblioteca de origen Biblioteca actual Ubicación en estantería Fecha de adquisición Fuente de adquisición Total de préstamos Signatura topográfica completa Código de barras Visto por última vez Precio de reemplazo Tipo de ítem Koha
        Colección de folletos Biblioteca del Ateneo de Madrid Biblioteca del Ateneo de Madrid Depósito folletos 17/01/2008     2188-F-17 1107251 23/02/2023 23/02/2023 Folleto